Nuevo catón

Gespeichert in:
Bibliographische Detailangaben
1. Verfasser: Edelvives Autor
Format: keine Angabe
Sprache:Spanisch
Erschienen: Zaragoza Luis Vives SA c1963
Katalog:MANES:  Suchergebnis im Bibliothekskatalog
Schulbuchspezifische Eigenschaften:
Schlagworte:
Tags: Tag hinzufügen
Keine Tags, Fügen Sie den ersten Tag hinzu!
Hinzugefügt zu:26.04.2016

MARC

LEADER 000000000a22000000004500
001 21641
008 160427s sp ||||| |||| 00| 0 spa d
040 |a manes  |c manes 
100 1 |a Edelvives  |b Autor 
245 0 0 |a  Nuevo catón 
260 |a Zaragoza  |b Luis Vives SA  |c c1963 
300 |a 88 p.  |c 20 x 15 cm. 
500 |a Nihil obstat, Zaragoza, 22 de agosto de 1957. Aprobado por el Ministerio de Educación Nacional O.M. del 21-VI-1960; B.O. nº 60 del 28-VII-1960. Encuadernado en cartoné, con muchas ilustraciones en color. 
546 |a España 
655 7 |a Infantil 
942 |2 ddc  |c BK 
999 |c 48876  |d 48876 
999 |c manes:48876  |d 48876